书目信息 |
| 题名: |
国族、乡土与性别
|
|
| 作者: | 王宇 著 | |
| 分册: | ||
| 出版信息: | 北京 中国社会科学出版社 2014 |
|
| 页数: | 272页 | |
| 开本: | 24cm | |
| 丛书名: | 厦大中文学术文库 | |
| 单 册: | ||
| 中图分类: | I206.6 , I206.7 | |
| 科图分类: | ||
| 主题词: | 中国文学--zhong guo wen xue--现代文学--文学研究 , 中国文学--zhong guo wen xue--当代文学--文学研究 | |
| 电子资源: | ||
| ISBN: | 978-7-5161-5451-9 | |
| 000 | 01019nam0 22002771 450 | |
| 001 | 0124140229 | |
| 005 | 20170324140229.0 | |
| 010 | @a978-7-5161-5451-9@dCNY56.00 | |
| 100 | @a20150401d2014 em y0chiy50 ea | |
| 101 | 0 | @achi |
| 102 | @aCN@b110000 | |
| 105 | @ay z 000yy | |
| 106 | @ar | |
| 200 | 1 | @a国族、乡土与性别@9guo zu xiang tu yu xing bie@f王宇著 |
| 210 | @a北京@c中国社会科学出版社@d2014 | |
| 215 | @a272页@d24cm | |
| 225 | 2 | @a厦大中文学术文库@9sha da zhong wen xue shu wen ku |
| 330 | @a本书以性别为中心范畴来重新阐释中国现当代文学主流叙事的文化逻辑与叙事逻辑,如关于乡土和国族想象,以及与此密切相关的有关个人、知识分子、农民、时间、空间、日常生活等话题。 | |
| 461 | 0 | @12001 @a厦大中文学术文库 |
| 606 | 0 | @a中国文学@9zhong guo wen xue@x现代文学@x文学研究 |
| 606 | 0 | @a中国文学@9zhong guo wen xue@x当代文学@x文学研究 |
| 690 | @aI206.6@v5 | |
| 690 | @aI206.7@v5 | |
| 701 | 0 | @a王宇@9wang yu@c(女,现当代文学)@4著 |
| 801 | 0 | @aCN@bTANGWEI@c20170308 |
| 905 | @b0962439-42@dI206.6@e213@f4 | |
| 国族、乡土与性别/王宇著.-北京:中国社会科学出版社,2014 |
| 272页;24cm.-(厦大中文学术文库) |
| ISBN 978-7-5161-5451-9:CNY56.00 |
| 本书以性别为中心范畴来重新阐释中国现当代文学主流叙事的文化逻辑与叙事逻辑,如关于乡土和国族想象,以及与此密切相关的有关个人、知识分子、农民、时间、空间、日常生活等话题。 |
| ● |
| 相关链接 |
|
|
|
|
正题名:国族、乡土与性别
索取号:I206.6/213
 
预约/预借
| 序号 | 登录号 | 条形码 | 馆藏地/架位号 | 状态 | 备注 |
| 1 | 0962439 | 209624398 | 第一样本阅览室/ [索取号:I206.6/213] | 在馆 | |
| 2 | 0962440 | 209624405 | 第二借阅区/ [索取号:I206.6/213] | 在馆 | |
| 3 | 0962441 | 209624414 | 第二借阅区/ [索取号:I206.6/213] | 在馆 | |
| 4 | 0962442 | 209624423 | 第二借阅区/ [索取号:I206.6/213] | 在馆 |